[Event "Napoli Vomero Natale op 5th"]
[Site "Napoli"]
[Date "2009.11.26"]
[Round "4"]
[White "Tomarchio, Lucio"]
[Black "Morace, Vitaliano"]
[Result "0-1"]
[WhiteElo "1428"]
[BlackElo "1592"]
[PlyCount "54"]
[EventDate "2009.11.05"]
[EventType "swiss"]
[EventRounds "7"]
[EventCountry "ITA"]
[SourceTitle "EXT 2012"]
[Source "ChessBase"]
[SourceDate "2011.11.24"]
[SourceVersion "1"]
[SourceVersionDate "2011.11.24"]
[SourceQuality "1"]

1. c4 e6 2. d4 Nf6 3. Nc3 Bb4 4. a3 Bxc3+ 5. bxc3 0-0 6. Nf3 d5 7. e3 Nbd7 8. Bd3 Qe7 9. a4 e5 10. Ba3 c5 11. Nxe5 Nxe5 12. Bxc5 Qc7 13. dxe5 Qxe5 14. Bd4 Qg5 15. 0-0 Bg4 16. Bxf6 gxf6 17. Qc2 Kh8 18. cxd5 Rad8 19. c4 h5 20. Rab1 Bh3 21. Be4 f5 22. Kh1 fxe4 23. gxh3 Qf5 24. Rg1 Qf3+ 25. Rg2 Rg8 26. Rbg1 Rxg2 27. Rxg2 Rg8 0-1

[Event "Napoli Vomero Natale op 5th"]
[Site "Napoli"]
[Date "2009.11.19"]
[Round "3"]
[White "Tomarchio, Lucio"]
[Black "Angelotti, Mario"]
[Result "0-1"]
[WhiteElo "1428"]
[BlackElo "1428"]
[PlyCount "74"]
[EventDate "2009.11.05"]
[EventType "swiss"]
[EventRounds "7"]
[EventCountry "ITA"]
[SourceTitle "EXT 2012"]
[Source "ChessBase"]
[SourceDate "2011.11.24"]
[SourceVersion "1"]
[SourceVersionDate "2011.11.24"]
[SourceQuality "1"]

1. c4 c5 2. g3 g6 3. Nf3 Bg7 4. Bg2 Nf6 5. Nc3 Nc6 6. 0-0 0-0 7. e3 d5 8. cxd5 Nxd5 9. a3 Nf6 10. d3 Be6 11. Qc2 Qd7 12. Ng5 Rad8 13. Nxe6 Qxe6 14. b3 b6 15. Bb2 a6 16. Ne2 Rd6 17. Rab1 Rfd8 18. Rfd1 Qf5 19. Nf4 e5 20. Bh3 Qg5 21. Ne2 Qh5 22. Bg2 Qf5 23. e4 Qh5 24. f3 g5 25. Qc4 g4 26. f4 Nd7 27. Qxa6 Rh6 28. Kf2 Qxh2 29. Rh1 Ndb8 30. Qb7 Rxd3 31. Rxh2 Rxh2 32. Qc8+ Rd8 33. Qxg4 Nd4 34. Nxd4 cxd4 35. fxe5 Nc6 36. Bc1 Nxe5 37. Bg5 Nxg4+ 0-1

[Event "Napoli Vomero Natale op 5th"]
[Site "Napoli"]
[Date "2009.11.12"]
[Round "2"]
[White "Messina, Enrico"]
[Black "Tomarchio, Lucio"]
[Result "1-0"]
[WhiteElo "2119"]
[BlackElo "1428"]
[PlyCount "41"]
[EventDate "2009.11.05"]
[EventType "swiss"]
[EventRounds "7"]
[EventCountry "ITA"]
[SourceTitle "EXT 2012"]
[Source "ChessBase"]
[SourceDate "2011.11.24"]
[SourceVersion "1"]
[SourceVersionDate "2011.11.24"]
[SourceQuality "1"]

1. e4 c5 2. Nf3 e6 3. b4 a6 4. bxc5 Bxc5 5. d4 Ba7 6. Bd3 Qc7 7. 0-0 d6 8. Bb2 Ne7 9. Nbd2 b5 10. c4 b4 11. Qa4+ Bd7 12. Qxb4 Nbc6 13. Qc3 Nd8 14. Rac1 0-0 15. e5 Nb7 16. d5 f6 17. exf6 Rxf6 18. dxe6 Bxe6 19. Ne4 Rf7 20. Nfg5 Rff8 21. Qxg7# 1-0